Sports Quiz

Random Sports or Basketball Quiz

🏀States With 10 Final Fours🏀 Quiz Stats

 Plays Quiz not verified by Sporcle

Score 0/12 Timer 04:00
0 Plays Today
% Correct
California
(28)
94.8%
Texas
(13)
89.3%
North Carolina
(41)
79.7%
New York
(13)
79%
Michigan
(16)
73.9%
Pennsylvania
(13)
73%
Ohio
(17)
72.5%
Indiana
(14)
67.9%
Kentucky
(25)
67.8%
Illinois
(11)
59.4%
Kansas
(21)
56.3%
Oklahoma
(11)
36.6%

You're not logged in!

Compare scores with friends on all Sporcle quizzes.
OR
Log In

Show Comments

Extras

Top Quizzes Today


Score Distribution

Your Account Isn't Verified!

In order to create a playlist on Sporcle, you need to verify the email address you used during registration. Go to your Sporcle Settings to finish the process.

Report this User

Report this user for behavior that violates our Community Guidelines.

Details: